01011njm a2200229 i 45000010005000000030009000050050017000140070015000310080041000461000033000872450131001202600041002513000055002925000038003475180154003856100069005397000034006087000030006427100049006728520030007218520030007515037ES-MaACL20250622050204.0s|r|||||||||||070913s1984 sp ||| g ||||||||1|nspa d1 aAlonso, Dámaso,d1898-199011a"Hijos de la ira" h[Grabación sonora] b: cuarenta años / cintervienen Dámaso Alonso, Carlos Bousoño y Luis Rosales. aMadrid : bAteneo de Madrid, c1984. a2 discos (CD-DA) (1 h. 41 min. 18 seg.) ; c12 cm. aDatos basados en la invitación. aActo organizado por la Sección de Literatura del Ateneo de Madrid, grabado en el salón de actos el miércoles, 2 de mayo de 1984, a las 20:00 h.04aAteneo de Madrid-xActos culturales-y1984-vGrabaciones sonoras1 aBousoño, Carlos,d1923-20151 aRosales, Luis,d1910-19922 aAteneo de Madrid. bSección de Literatura. aES-MaACLjROT 6/1/10cROT aES-MaACLjROT 6/1/11cROT